[Event "55th Rubinstein Memorial-A 2019"]
[Site "Polanica-Zdroj"]
[Date "2019.08.18"]
[Round "2.11"]
[White "Kozlowski, Michal"]
[Black "Mis, Mieszko"]
[Result "0-1"]
[WhiteElo "1926"]
[BlackElo "2296"]
[Annotator "NA"]
[PlyCount "146"]
[EventDate "2019.08.17"]
[EventType "swiss"]
[EventCountry "POL"]
[SourceTitle "playchess.com"]
[Source "ChessBase"]
[SourceQuality "1"]
[TimeControl "40/5400+30:1800+30"]

1. e4 {[%emt 0:00:00]} g6 {[%emt 0:00:00]} 2. d4 {[%emt 0:00:00]} Bg7 {[%emt 0:00:00]} 3. Nf3 {[%emt 0:00:00]} d6 {[%emt 0:00:28]} 4. Bc4 {[%emt 0:00:00]} Nf6 {[%emt 0:02:18]} 5. Qe2 {[%emt 0:00:04]} O-O {[%emt 0:04:55]} 6. Nc3 {[%emt 0:02:37]} Bg4 {[%emt 0:01:26]} 7. h3 {[%emt 0:05:03]} Bxf3 {[%emt 0:00:19]} 8. Qxf3 {[%emt 0:00:01]} Nc6 {[%emt 0:02:03]} 9. Be3 {[%emt 0:02:27]} e5 {[%emt 0:02:17] B08: Pirc Defence: Classical System} 10. dxe5 {[%emt 0:02:38]} Nxe5 {[%emt 0:01:33]} (10... dxe5 11. Ne2 Nd4 12. Nxd4 exd4 13. O-O-O c5 14. Bg5 Qb6 15. Rhe1 Rae8 16. Qd3 a6 17. e5 {1-0 (32) Ruperez Benito,A (2353)-Perez Gonzalez,J (2221) Madrid 2018}) 11. Qe2 {[%emt 0:00:06]} c6 $146 {[%emt 0:10:42]} ({Predecessor:} 11... Nxc4 12. Qxc4 Re8 13. O-O-O a6 14. f3 Qd7 15. h4 b5 16. Qd3 Qe6 17. Kb1 {0-1 (70) Hemmert,B-Fritsch,R Berlin West 1972}) 12. Bb3 {[%emt 0:19:40]} b5 {[%emt 0:00:53]} 13. a3 {[%emt 0:07:15]} a5 {[%emt 0:01:14]} 14. f3 {[%emt 0:00:26]} b4 {[%emt 0:08:37]} 15. axb4 {[%emt 0:00:09]} axb4 {[%emt 0:00:10]} 16. Rxa8 {[%emt 0:00:06]} Qxa8 {[%emt 0:00:02]} 17. Na4 {[%emt 0:10:08]} d5 {[%emt 0:07:35]} 18. O-O {[%emt 0:02:00]} dxe4 {[%emt 0:01:22]} 19. fxe4 {[%emt 0:00:11]} Nxe4 {[%emt 0:07:16]} 20. Bf4 {[%emt 0:00:04]} Qa7+ $15 {[%emt 0:01:06]} 21. Be3 {[%emt 0:17:53]} Qe7 {[%emt 0:09:18]} 22. Rf4 {[%emt 0:06:06]} Ng5 {[%emt 0:08:13]} 23. Bc5 {[%emt 0:09:52]} Nxh3+ {[%emt 0:01:41]} 24. gxh3 {[%emt 0:05:11]} Qg5+ {[%emt 0:00:05]} 25. Rg4 {[%emt 0:00:09]} Nxg4 {[%emt 0:00:23]} 26. Qxg4 {[%emt 0:02:08]} Qxg4+ {[%emt 0:06:59]} 27. hxg4 {[%emt 0:00:01]} Rd8 {[%emt 0:00:07]} 28. Kg2 {[%emt 0:02:01]} Bf8 {[%emt 0:00:25]} 29. Kf3 {[%emt 0:00:32]} Bxc5 {[%emt 0:01:19]} 30. Nxc5 {[%emt 0:00:02]} Kg7 {[%emt 0:00:25]} 31. Ke3 {[%emt 0:02:36]} h5 {[%emt 0:04:09]} 32. gxh5 {[%emt 0:00:01]} gxh5 {[%emt 0:00:06]} 33. Nd3 {[%emt 0:00:05]} h4 {[%emt 0:01:43]} 34. Kf3 {[%emt 0:01:51]} Rd4 {[%emt 0:01:46]} 35. Ba4 {[%emt 0:00:34]} Kf6 {[%emt 0:03:35]} 36. b3 {[%emt 0:02:31]} Kg5 {[%emt 0:05:02]} 37. Nf2 {[%emt 0:02:46]} f5 {[%emt 0:00:49]} 38. Bxc6 {[%emt 0:00:55]} Rd2 {[%emt 0:00:16]} 39. Nh3+ {[%emt 0:00:19]} Kf6 {[%emt 0:00:11]} 40. Nf4 {[%emt 0:00:00]} Rxc2 {[%emt 0:00:00]} 41. Nd5+ {[%emt 0:04:01]} Ke5 {[%emt 0:00:49]} 42. Nxb4 {[%emt 0:00:17]} Rc3+ {[%emt 0:00:37]} 43. Ke2 {[%emt 0:00:16]} h3 {[%emt 0:02:30]} 44. Ba8 {[%emt 0:08:34]} h2 {[%emt 0:01:17]} 45. Nd3+ {[%emt 0:00:56]} Kd4 {[%emt 0:00:08]} 46. Ne1 {[%emt 0:00:49]} Rxb3 47. Bh1 {[%emt 0:11:34]} Ke5 {[%emt 0:07:00]} 48. Kf2 {[%emt 0:00:44]} Kf4 {[%emt 0:03:24]} 49. Kg2 {[%emt 0:02:40]} Rb1 {[%emt 0:05:49]} 50. Nd3+ {[%emt 0:01:05]} Ke3 {[%emt 0:00:05]} 51. Ne5 {[%emt 0:00:43]} Rb2+ {[%emt 0:00:21]} 52. Kh3 {[%emt 0:01:47]} Rc2 {[%emt 0:00:16]} 53. Kg3 {[%emt 0:00:40]} Rc5 {[%emt 0:02:24]} 54. Ng6 {[%emt 0:01:16]} f4+ {[%emt 0:14:37]} 55. Nxf4 {[%emt 0:01:59]} Rg5+ {[%emt 0:00:07]} 56. Kxh2 {[%emt 0:00:05]} Kxf4 {[%emt 0:00:06]} 57. Bc6 {[%emt 0:00:37]} Rc5 {[%emt 0:00:26]} 58. Ba4 {[%emt 0:01:08]} Ra5 {[%emt 0:02:37]} 59. Bc6 {[%emt 0:00:20]} Ra3 {[%emt 0:02:05]} 60. Bb7 {[%emt 0:00:59]} Rg3 {[%emt 0:00:06]} 61. Bc6 {[%emt 0:00:21]} Kg4 {[%emt 0:00:17]} 62. Bb7 {[%emt 0:00:49]} Rc3 {[%emt 0:01:18]} 63. Kg1 {[%emt 0:00:39]} Kf4 {[%emt 0:02:02]} 64. Kf1 {[%emt 0:00:14]} Ke3 {[%emt 0:00:01]} 65. Kg2 {[%emt 0:00:05]} Rc2+ {[%emt 0:00:19]} 66. Kh3 {[%emt 0:00:34]} Kf4 {[%emt 0:00:19]} 67. Bd5 {[%emt 0:00:28]} Rc3+ {[%emt 0:00:45]} 68. Kg2 {[%emt 0:00:11]} Rc2+ {[%emt 0:01:03]} 69. Kh3 {[%emt 0:00:11]} Rc5 {[%emt 0:00:43]} 70. Bb7 {[%emt 0:00:19]} Rg5 {[%emt 0:00:15]} 71. Bc6 {[%emt 0:00:44]} Rg3+ {[%emt 0:01:15]} 72. Kh2 {[%emt 0:00:06]} Kg4 {[%emt 0:00:55]} 73. Bd7+ {[%emt 0:00:43]} Kf3 0-1

[Event "55th Rubinstein Memorial-A 2019"]
[Site "Polanica-Zdroj"]
[Date "2019.08.18"]
[Round "2.12"]
[White "Marszalek, Maciej"]
[Black "Hetzer, Volkhard"]
[Result "1/2-1/2"]
[WhiteElo "2295"]
[BlackElo "1931"]
[Annotator "NA"]
[PlyCount "90"]
[EventDate "2019.08.17"]
[EventType "swiss"]
[EventCountry "POL"]
[SourceTitle "playchess.com"]
[Source "ChessBase"]
[SourceQuality "1"]
[TimeControl "40/5400+30:1800+30"]

1. d4 {[%emt 0:00:00]} d5 {[%emt 0:00:00]} 2. c4 {[%emt 0:00:00]} c6 {[%emt 0:00:48]} 3. Nf3 {[%emt 0:00:00]} Nf6 {[%emt 0:00:04]} 4. Qb3 {[%emt 0:01:34]} dxc4 {[%emt 0:02:20]} 5. Qxc4 {[%emt 0:00:11]} Bg4 {[%emt 0:02:00]} 6. Nbd2 {[%emt 0:00:23]} g6 {[%emt 0:00:27] D23: Queen's Gambit Accepted: 3 Nf3 Nf6 sidelines} (6... e6 7. g3 Nbd7 8. Bg2 Be7 9. O-O O-O 10. Qb3 b5 11. h3 Bh5 12. g4 Bg6 13. Nh4 Qb6 14. Nxg6 hxg6 {½-½ (63) Mamedyarov,S (2817)-Gozzoli,Y (2630) chess.com INT 2019}) 7. g3 {[%emt 0:02:35]} Bg7 {[%emt 0:00:10]} 8. Bg2 {[%emt 0:00:02]} O-O {[%emt 0:00:05]} 9. O-O {[%emt 0:00:12]} Na6 {[%emt 0:08:47]} 10. e3 {[%emt 0:05:27]} Qd5 $146 {[%emt 0:07:26]} ({Predecessor:} 10... Nd7 11. h3 Be6 12. Qe2 h6 13. Rd1 Nb6 14. b3 Qc7 {½-½ (14) Broekman,W (2151)-Kozak,M (2257) Liberec 2006}) 11. Ne5 {[%emt 0:02:51]} Qxc4 {[%emt 0:00:18]} 12. Ndxc4 {[%emt 0:00:03]} Bf5 {[%emt 0:18:38]} 13. b3 {[%emt 0:05:32]} Nd7 {[%emt 0:04:35]} 14. Nxd7 {[%emt 0:03:34]} Bxd7 {[%emt 0:00:05]} 15. Ba3 {[%emt 0:00:08]} Rfe8 {[%emt 0:00:32]} 16. Rac1 {[%emt 0:00:09]} Nc7 {[%emt 0:01:03]} 17. h3 {[%emt 0:01:08]} Nd5 {[%emt 0:05:07]} 18. Na5 {[%emt 0:03:08]} Bc8 {[%emt 0:07:44]} 19. Rfd1 {[%emt 0:01:32]} e6 {[%emt 0:01:07]} 20. Nc4 {[%emt 0:02:43]} Bf8 {[%emt 0:00:28]} 21. Bc5 {[%emt 0:01:50]} Rd8 {[%emt 0:07:05]} 22. Ne5 {[%emt 0:03:20]} f6 {[%emt 0:03:03]} 23. Nd3 {[%emt 0:09:59]} Kf7 {[%emt 0:01:23]} 24. a4 {[%emt 0:01:59]} Bh6 {[%emt 0:02:53]} 25. Kh2 {[%emt 0:01:01]} b6 {[%emt 0:01:37]} 26. Ba3 {[%emt 0:00:32]} Bb7 $16 {[%emt 0:00:15]} 27. Rc2 {[%emt 0:02:08]} Bf8 {[%emt 0:04:04]} 28. Bb2 {[%emt 0:01:33]} Rac8 {[%emt 0:01:47]} 29. a5 {[%emt 0:02:57]} Ba6 {[%emt 0:04:00]} 30. Rcc1 {[%emt 0:02:51]} Bxd3 {[%emt 0:01:58]} 31. Rxd3 {[%emt 0:00:02]} bxa5 {[%emt 0:00:34]} 32. e4 {[%emt 0:01:10]} Nb4 {[%emt 0:05:13]} 33. Rdd1 {[%emt 0:01:35]} Bd6 {[%emt 0:01:40]} 34. Bf1 {[%emt 0:04:37]} Bc7 {[%emt 0:00:18]} 35. Bc4 {[%emt 0:03:17]} Bb6 {[%emt 0:00:41]} 36. Rd2 {[%emt 0:00:09]} Rd7 {[%emt 0:02:27]} 37. Rcd1 {[%emt 0:00:24]} Rcd8 {[%emt 0:00:07]} 38. Bc3 {[%emt 0:00:10]} Ke7 {[%emt 0:01:01]} 39. Kg2 {[%emt 0:00:27]} Kf7 {[%emt 0:02:31]} 40. h4 {[%emt 0:00:00]} h5 {[%emt 0:00:00]} 41. Kf1 {[%emt 0:07:28]} Ke7 {[%emt 0:04:44]} 42. Ke2 {[%emt 0:01:00]} Kf7 {[%emt 0:00:21]} 43. Kf1 {[%emt 0:05:58]} Ke7 {[%emt 0:00:14]} 44. Ke2 {[%emt 0:00:21]} Kf7 {[%emt 0:00:06]} 45. Kf1 {[%emt 0:00:47]} Ke7 {[%emt 0:00:04]} 1/2-1/2

[Event "55th Rubinstein Memorial-A 2019"]
[Site "Polanica-Zdroj"]
[Date "2019.08.18"]
[Round "2.13"]
[White "Lapaj, Mateusz"]
[Black "Rogacewicz, Mikolaj"]
[Result "1-0"]
[WhiteElo "2233"]
[BlackElo "1925"]
[Annotator "NA"]
[PlyCount "43"]
[EventDate "2019.08.17"]
[EventType "swiss"]
[EventCountry "POL"]
[SourceTitle "playchess.com"]
[Source "ChessBase"]
[SourceQuality "1"]
[TimeControl "40/5400+30:1800+30"]

1. e4 {[%emt 0:06:48]} e6 {[%emt 0:00:00]} 2. d4 {[%emt 0:00:05]} d5 {[%emt 0:00:00]} 3. Nc3 {[%emt 0:00:47]} Bb4 {[%emt 0:00:05]} 4. e5 {[%emt 0:00:11]} c5 {[%emt 0:00:09]} 5. Bd2 {[%emt 0:00:04]} Nh6 {[%emt 0:00:19]} 6. a3 {[%emt 0:00:48]} Bxc3 {[%emt 0:00:50]} 7. Bxc3 {[%emt 0:00:02]} b6 {[%emt 0:00:41]} 8. Bb5+ {[%emt 0:00:14]} Bd7 {[%emt 0:03:13]} 9. Bd3 {[%emt 0:01:31]} Nc6 {[%emt 0:05:50]} 10. Nf3 {[%emt 0:10:19]} Qc7 {[%emt 0:03:47]} 11. Bd2 {[%emt 0:06:50]} Nxd4 {[%emt 0:15:04]} 12. Nxd4 $14 {[%emt 0:06:49]} Qxe5+ {[%emt 0:02:03]} 13. Ne2 {[%emt 0:10:08]} c4 {[%emt 0:05:19]} 14. Bc3 {[%emt 0:01:37]} Qg5 {[%emt 0:02:31]} 15. Qc1 {[%emt 0:24:21]} Qg4 {[%emt 0:25:30]} 16. h3 {[%emt 0:00:57]} Qxg2 {[%emt 0:04:01]} 17. Rg1 {[%emt 0:01:30]} Qxh3 {[%emt 0:02:49]} 18. Bxg7 {[%emt 0:00:57]} cxd3 {[%emt 0:00:53]} 19. cxd3 {[%emt 0:04:59]} Ng4 {[%emt 0:09:17]} 20. Bxh8 {[%emt 0:03:11]} h5 {[%emt 0:04:17]} 21. Qg5 {[%emt 0:05:31]} Rc8 {[%emt 0:04:33]} 22. Bf6 {[%emt 0:00:44]} 1-0

[Event "55th Rubinstein Memorial-A 2019"]
[Site "Polanica-Zdroj"]
[Date "2019.08.18"]
[Round "2.14"]
[White "Jaskolka, Tomasz"]
[Black "Adamczyk, Zuzanna"]
[Result "1-0"]
[WhiteElo "2227"]
[BlackElo "1911"]
[Annotator "NA"]
[PlyCount "77"]
[EventDate "2019.08.17"]
[EventType "swiss"]
[EventCountry "POL"]
[SourceTitle "playchess.com"]
[Source "ChessBase"]
[SourceQuality "1"]
[TimeControl "40/5400+30:1800+30"]

1. d4 {[%emt 0:00:00]} Nf6 {[%emt 0:00:00]} 2. c4 {[%emt 0:00:00]} e6 {[%emt 0:00:13]} 3. Nf3 {[%emt 0:00:00]} b6 {[%emt 0:00:26]} 4. g3 {[%emt 0:00:00]} Bb7 {[%emt 0:00:28]} 5. Bg2 {[%emt 0:00:00]} Bb4+ {[%emt 0:00:43]} 6. Bd2 {[%emt 0:00:15]} Bxd2+ {[%emt 0:00:21]} 7. Nbxd2 {[%emt 0:00:10]} d6 {[%emt 0:03:51]} 8. O-O {[%emt 0:05:46]} Nbd7 {[%emt 0:01:09]} 9. Qc2 {[%emt 0:02:47]} c5 {[%emt 0:02:50]} 10. e4 {[%emt 0:01:04]} cxd4 {[%emt 0:02:12]} 11. Nxd4 {[%emt 0:00:05]} O-O {[%emt 0:16:59]} 12. f4 $11 {[%emt 0:05:14]} a6 {[%emt 0:01:25]} 13. h3 {[%emt 0:44:22]} Qc7 {[%emt 0:10:16]} 14. Qd3 {[%emt 0:03:27]} Rfe8 {[%emt 0:02:32]} 15. Ne2 {[%emt 0:06:35]} Nc5 {[%emt 0:12:19]} 16. Qe3 {[%emt 0:01:13]} Rac8 {[%emt 0:09:28]} 17. Rac1 {[%emt 0:00:39]} Qe7 {[%emt 0:03:24]} 18. b4 {[%emt 0:04:34]} Na4 {[%emt 0:00:27]} 19. e5 {[%emt 0:00:28]} Bxg2 {[%emt 0:02:22]} 20. exf6 {[%emt 0:08:27]} Qb7 {[%emt 0:00:17]} 21. Rf2 {[%emt 0:00:15]} Bc6 {[%emt 0:01:48]} 22. f5 {[%emt 0:02:43]} h6 {[%emt 0:04:38]} 23. fxg7 {[%emt 0:02:00]} Kxg7 {[%emt 0:01:24]} 24. f6+ {[%emt 0:00:18]} Kh7 {[%emt 0:00:04]} 25. Qd3+ {[%emt 0:00:39]} Kh8 {[%emt 0:00:34]} 26. Qe3 {[%emt 0:00:09]} Kh7 {[%emt 0:00:30]} 27. Qd3+ {[%emt 0:00:26]} Kh8 {[%emt 0:00:18]} 28. Qxd6 {[%emt 0:07:46]} Rg8 {[%emt 0:02:23]} 29. Kh2 {[%emt 0:00:36]} Rcd8 {[%emt 0:01:43]} 30. Qf4 {[%emt 0:00:12]} Rg6 {[%emt 0:00:36]} 31. b5 {[%emt 0:01:27]} Be8 {[%emt 0:03:20]} 32. Nf3 {[%emt 0:00:32]} Kh7 {[%emt 0:01:13]} 33. Ne5 {[%emt 0:01:17]} Nc5 {[%emt 0:02:42]} 34. Nxg6 {[%emt 0:00:31]} fxg6 {[%emt 0:01:29]} 35. f7 {[%emt 0:00:15]} Bxf7 {[%emt 0:03:39]} 36. Qxf7+ {[%emt 0:00:06]} Qxf7 {[%emt 0:00:09]} 37. Rxf7+ {[%emt 0:00:03]} Kg8 {[%emt 0:00:04]} 38. Rcf1 {[%emt 0:00:13]} Ne4 {[%emt 0:01:52]} 39. bxa6 {[%emt 0:01:22]} 1-0

[Event "55th Rubinstein Memorial-A 2019"]
[Site "Polanica-Zdroj"]
[Date "2019.08.18"]
[Round "2.15"]
[White "Mielczarek, Daniel"]
[Black "Lukasiewicz, Krzysztof"]
[Result "0-1"]
[WhiteElo "1924"]
[BlackElo "2185"]
[Annotator "NA"]
[PlyCount "40"]
[EventDate "2019.08.17"]
[EventType "swiss"]
[EventCountry "POL"]
[SourceTitle "playchess.com"]
[Source "ChessBase"]
[SourceQuality "1"]
[TimeControl "40/5400+30:1800+30"]

1. Nf3 {[%emt 0:00:00]} Nf6 {[%emt 0:00:00]} 2. d4 {[%emt 0:00:00]} g6 {[%emt 0:00:00]} 3. Bg5 Bg7 {[%emt 0:00:00]} 4. e3 {[%emt 0:00:31]} O-O {[%emt 0:00:00]} 5. Bd3 {[%emt 0:02:49]} d6 {[%emt 0:00:46]} 6. Bxf6 {[%emt 0:00:22]} Bxf6 {[%emt 0:00:07]} 7. Nbd2 {[%emt 0:01:30]} c5 {[%emt 0:09:28]} 8. c3 {[%emt 0:05:21]} Bg7 {[%emt 0:09:39]} 9. h4 {[%emt 0:09:28]} h5 {[%emt 0:08:01]} 10. Qc2 {[%emt 0:09:07]} cxd4 {[%emt 0:06:15]} 11. exd4 {[%emt 0:01:19]} Nc6 {[%emt 0:00:06]} 12. Ng5 {[%emt 0:05:53]} e5 {[%emt 0:05:13]} 13. dxe5 {[%emt 0:07:55]} Nxe5 {[%emt 0:03:49]} 14. Be2 {[%emt 0:01:37]} Bf5 {[%emt 0:03:58]} 15. Qb3 {[%emt 0:00:13]} d5 {[%emt 0:10:40]} 16. O-O-O {[%emt 0:14:41]} d4 {[%emt 0:04:03]} 17. Nc4 {[%emt 0:07:05]} Nxc4 {[%emt 0:03:11]} 18. Bxc4 {[%emt 0:00:34]} Qc7 {[%emt 0:00:08]} 19. Bd3 {[%emt 0:02:28]} dxc3 {[%emt 0:01:52]} 20. bxc3 {[%emt 0:01:59]} Qf4+ 0-1

[Event "55th Rubinstein Memorial-A 2019"]
[Site "Polanica-Zdroj"]
[Date "2019.08.18"]
[Round "2.16"]
[White "Niedbala, Bartlomiej"]
[Black "Rak, Maciej"]
[Result "1/2-1/2"]
[WhiteElo "2169"]
[BlackElo "1779"]
[Annotator "NA"]
[PlyCount "91"]
[EventDate "2019.08.17"]
[EventType "swiss"]
[EventCountry "POL"]
[SourceTitle "playchess.com"]
[Source "ChessBase"]
[SourceQuality "1"]
[TimeControl "40/5400+30:1800+30"]

1. d4 {[%emt 0:00:00]} d5 {[%emt 0:00:00]} 2. c4 {[%emt 0:00:00]} e6 {[%emt 0:00:00]} 3. Nf3 {[%emt 0:00:00]} Nf6 {[%emt 0:00:17]} 4. g3 {[%emt 0:00:00]} dxc4 {[%emt 0:03:03]} 5. Bg2 {[%emt 0:00:00]} a6 {[%emt 0:01:01]} 6. O-O {[%emt 0:00:00]} Nbd7 {[%emt 0:01:47]} 7. Nc3 {[%emt 0:09:45]} Rb8 {[%emt 0:03:59]} 8. e4 {[%emt 0:02:44]} b5 {[%emt 0:03:11]} 9. e5 {[%emt 0:09:53]} Nd5 {[%emt 0:06:39]} 10. Nxd5 {[%emt 0:00:42]} exd5 {[%emt 0:00:08]} 11. Ng5 {[%emt 0:03:04]} Nb6 {[%emt 0:09:53]} 12. e6 {[%emt 0:03:08]} Bxe6 {[%emt 0:06:36]} 13. Nxe6 {[%emt 0:16:31]} fxe6 {[%emt 0:00:55]} 14. Bh3 {[%emt 0:02:26]} Qf6 {[%emt 0:08:37]} 15. Re1 {[%emt 0:00:31]} Kd7 {[%emt 0:02:40]} 16. Rxe6 {[%emt 0:06:00]} Qxe6 {[%emt 0:00:05]} 17. Bxe6+ {[%emt 0:00:29]} Kxe6 {[%emt 0:00:01]} 18. Bf4 {[%emt 0:03:37]} Kd7 {[%emt 0:01:34]} 19. Qg4+ {[%emt 0:01:17]} Kc6 {[%emt 0:00:53]} 20. Re1 {[%emt 0:00:24]} Bd6 {[%emt 0:01:47]} 21. Bxd6 {[%emt 0:00:45]} cxd6 {[%emt 0:00:06]} 22. Re7 {[%emt 0:02:08]} Rhe8 {[%emt 0:03:08]} 23. Rxg7 {[%emt 0:06:54]} a5 {[%emt 0:10:45]} 24. Ra7 {[%emt 0:02:50]} Ra8 {[%emt 0:01:26]} 25. Rxh7 {[%emt 0:00:26]} b4 {[%emt 0:03:41]} 26. h4 {[%emt 0:09:21]} a4 {[%emt 0:06:26]} 27. Qg7 {[%emt 0:02:04]} Rec8 {[%emt 0:03:09]} 28. Qb7+ {[%emt 0:05:46]} Kb5 {[%emt 0:00:01]} 29. Rh5 {[%emt 0:00:01]} Ka5 {[%emt 0:00:43]} 30. Rxd5+ {[%emt 0:01:52]} Nxd5 {[%emt 0:00:06]} 31. Qxd5+ {[%emt 0:00:02]} Ka6 {[%emt 0:03:16]} 32. Qxd6+ {[%emt 0:00:49]} Ka5 {[%emt 0:00:13]} 33. a3 {[%emt 0:00:53]} Rab8 {[%emt 0:07:22]} 34. axb4+ {[%emt 0:01:06]} Kb5 {[%emt 0:00:05]} 35. Qg6 {[%emt 0:07:33]} Kxb4 {[%emt 0:06:49]} 36. Qc2 {[%emt 0:03:30]} c3 {[%emt 0:00:06]} 37. d5 {[%emt 0:00:22]} cxb2 {[%emt 0:04:46]} 38. Qxb2+ {[%emt 0:00:04]} Ka5 {[%emt 0:00:09]} 39. Qd2+ {[%emt 0:00:12]} Kb5 {[%emt 0:00:43]} 40. d6 {[%emt 0:00:00]} a3 {[%emt 0:00:00]} 41. d7 {[%emt 0:03:42]} Rd8 {[%emt 0:02:08]} 42. Qd5+ {[%emt 0:06:01]} Kb4 {[%emt 0:01:06]} 43. Qd4+ {[%emt 0:02:10]} Kb3 {[%emt 0:00:38]} 44. Qd3+ {[%emt 0:00:25]} Kb2 {[%emt 0:01:28]} 45. Qd4+ {[%emt 0:00:47]} Kb1 {[%emt 0:01:30]} 46. Qd3+ 1/2-1/2

[Event "55th Rubinstein Memorial-A 2019"]
[Site "Polanica-Zdroj"]
[Date "2019.08.18"]
[Round "2.17"]
[White "Vanduyfhuys, Daria"]
[Black "Wloch, Mikolaj"]
[Result "0-1"]
[WhiteElo "2160"]
[BlackElo "1771"]
[Annotator "NA"]
[PlyCount "62"]
[EventDate "2019.08.17"]
[EventType "swiss"]
[EventCountry "POL"]
[SourceTitle "playchess.com"]
[Source "ChessBase"]
[SourceQuality "1"]
[TimeControl "40/5400+30:1800+30"]

1. d4 {[%emt 0:00:00]} d5 {[%emt 0:00:00]} 2. c4 {[%emt 0:00:00]} c6 {[%emt 0:00:00]} 3. Nf3 {[%emt 0:00:00]} Nf6 {[%emt 0:00:00]} 4. Nc3 {[%emt 0:00:00]} e6 {[%emt 0:00:00]} 5. Bg5 {[%emt 0:00:12]} h6 {[%emt 0:01:07]} 6. Bxf6 {[%emt 0:00:13]} Qxf6 {[%emt 0:00:16]} 7. e3 {[%emt 0:06:36]} Nd7 {[%emt 0:02:27]} 8. Bd3 {[%emt 0:01:12]} dxc4 {[%emt 0:01:12]} 9. Bxc4 {[%emt 0:00:09]} Bd6 {[%emt 0:05:10]} 10. O-O {[%emt 0:01:14]} Qe7 {[%emt 0:01:57]} 11. Rc1 {[%emt 0:06:28]} O-O {[%emt 0:00:55]} 12. Ne4 {[%emt 0:01:42]} Bc7 {[%emt 0:01:17]} 13. Bd3 {[%emt 0:03:23]} e5 {[%emt 0:02:20]} 14. d5 {[%emt 0:03:45]} Bb6 {[%emt 0:07:21]} 15. dxc6 $14 {[%emt 0:04:23]} bxc6 {[%emt 0:00:08]} 16. Rxc6 {[%emt 0:09:36]} Bb7 {[%emt 0:00:21]} 17. Rd6 {[%emt 0:03:53]} Rad8 {[%emt 0:05:34]} 18. Ng3 {[%emt 0:24:02]} Bxf3 {[%emt 0:18:58]} 19. gxf3 {[%emt 0:00:10]} Nc5 {[%emt 0:00:14]} 20. Nf5 {[%emt 0:03:06]} Qg5+ {[%emt 0:04:01]} 21. Kh1 {[%emt 0:00:12]} Nxd3 {[%emt 0:00:10]} 22. Qxd3 {[%emt 0:01:39]} Rxd6 {[%emt 0:01:11]} 23. Nxd6 {[%emt 0:01:05]} Rd8 {[%emt 0:00:11]} 24. Qa3 {[%emt 0:27:09]} Qf6 {[%emt 0:03:06]} 25. Nb5 {[%emt 0:00:06]} Qxf3+ {[%emt 0:00:36]} 26. Kg1 {[%emt 0:00:05]} Qg4+ {[%emt 0:00:43]} 27. Kh1 {[%emt 0:00:05]} Qe2 {[%emt 0:00:16]} 28. Kg2 {[%emt 0:02:38]} Qxb5 {[%emt 0:00:15]} 29. Qc3 {[%emt 0:00:44]} Qd5+ {[%emt 0:03:36]} 30. Kg1 {[%emt 0:00:10]} Rd6 {[%emt 0:00:25]} 31. f3 {[%emt 0:00:07]} Qd2 {[%emt 0:01:00]} 0-1

[Event "55th Rubinstein Memorial-A 2019"]
[Site "Polanica-Zdroj"]
[Date "2019.08.18"]
[Round "2.18"]
[White "Wisniewski, Michal"]
[Black "Kozlowski, Pawel"]
[Result "1-0"]
[WhiteElo "2130"]
[BlackElo "1763"]
[Annotator "NA"]
[PlyCount "87"]
[EventDate "2019.08.17"]
[EventType "swiss"]
[EventCountry "POL"]
[SourceTitle "playchess.com"]
[Source "ChessBase"]
[SourceQuality "1"]
[TimeControl "40/5400+30:1800+30"]

1. Nf3 {[%emt 0:00:00]} e6 {[%emt 0:00:00]} 2. c4 {[%emt 0:00:00]} f5 {[%emt 0:00:00]} 3. Nc3 {[%emt 0:01:35]} Nf6 {[%emt 0:00:00]} 4. d3 {[%emt 0:00:06]} Bb4 {[%emt 0:00:16]} 5. g3 {[%emt 0:00:28]} b6 {[%emt 0:00:12]} 6. Bg2 {[%emt 0:00:50]} Bb7 {[%emt 0:00:06]} 7. O-O {[%emt 0:00:22]} O-O 8. Qb3 Bxc3 {[%emt 0:00:47]} 9. Qxc3 {[%emt 0:01:41]} Qe8 {[%emt 0:02:13]} 10. c5 {[%emt 0:07:23]} Na6 {[%emt 0:03:46]} 11. cxb6 {[%emt 0:00:16]} cxb6 {[%emt 0:00:24]} 12. b3 {[%emt 0:00:05]} Rc8 {[%emt 0:04:12]} 13. Qd2 {[%emt 0:00:05]} Qh5 {[%emt 0:04:20]} 14. Ba3 {[%emt 0:02:32]} Rfe8 {[%emt 0:01:24]} 15. Rac1 {[%emt 0:00:27]} Nc7 {[%emt 0:10:01]} 16. Rc4 {[%emt 0:06:28]} Ng4 {[%emt 0:33:19]} 17. h3 {[%emt 0:01:19]} Bd5 {[%emt 0:07:38]} 18. hxg4 {[%emt 0:02:36]} fxg4 {[%emt 0:00:07]} 19. Nh2 {[%emt 0:00:10]} Bxc4 {[%emt 0:01:19]} 20. dxc4 {[%emt 0:00:02]} d5 {[%emt 0:01:37]} 21. Qf4 {[%emt 0:00:07]} Qf5 {[%emt 0:07:54]} 22. Qxg4 {[%emt 0:00:43]} Qxg4 {[%emt 0:04:34]} 23. Nxg4 {[%emt 0:00:02]} dxc4 {[%emt 0:01:23]} 24. bxc4 {[%emt 0:00:04]} Red8 {[%emt 0:01:03]} 25. Bc1 {[%emt 0:05:34]} Ne8 {[%emt 0:05:58]} 26. Bg5 {[%emt 0:01:27]} Rd4 {[%emt 0:00:54]} 27. Ne5 {[%emt 0:00:04]} Rd6 {[%emt 0:05:20]} 28. Be3 {[%emt 0:01:29]} Nf6 {[%emt 0:01:21]} 29. Rc1 {[%emt 0:02:15]} Nd7 {[%emt 0:01:36]} 30. Nd3 {[%emt 0:00:42]} Nc5 {[%emt 0:01:22]} 31. Nxc5 {[%emt 0:01:27]} bxc5 {[%emt 0:00:04]} 32. Bb7 {[%emt 0:03:04]} Rcd8 {[%emt 0:01:41]} 33. Bxc5 {[%emt 0:00:15]} Rd2 {[%emt 0:00:54]} 34. a3 {[%emt 0:01:34]} Rxe2 {[%emt 0:00:38]} 35. Bf3 {[%emt 0:00:08]} Ra2 {[%emt 0:00:29]} 36. Rc3 {[%emt 0:00:33]} a5 {[%emt 0:00:29]} 37. Bb6 {[%emt 0:00:05]} Ra1+ {[%emt 0:00:33]} 38. Kg2 {[%emt 0:00:07]} Rc8 {[%emt 0:00:33]} 39. Bxa5 {[%emt 0:00:31]} Kf7 {[%emt 0:00:25]} 40. c5 {[%emt 0:00:00]} Rb1 {[%emt 0:00:00]} 41. Bb4 {[%emt 0:00:10]} Ke8 {[%emt 0:04:36]} 42. Bb7 {[%emt 0:00:16]} Rc7 {[%emt 0:00:17]} 43. c6 {[%emt 0:00:04]} Rb2 {[%emt 0:00:40]} 44. Rf3 {[%emt 0:00:10]} 1-0